<?xml version="1.0" encoding="UTF-8"?>
<collection xmlns="http://www.loc.gov/MARC21/slim">
  <record>
    <leader>00000nam  2200000   4500</leader>
    <controlfield tag="001">INLIS000000000000764</controlfield>
    <controlfield tag="005">20180724140041</controlfield>
    <controlfield tag="008">180724|||||||||   |   |||   |||| ||   | </controlfield>
    <datafield tag="035" ind1=" " ind2=" ">
      <subfield code="0">010-0718000764</subfield>
    </datafield>
    <datafield tag="041" ind1=" " ind2=" ">
      <subfield code="a">id</subfield>
    </datafield>
    <datafield tag="082" ind1=" " ind2=" ">
      <subfield code="a">045</subfield>
    </datafield>
    <datafield tag="090" ind1=" " ind2=" ">
      <subfield code="a">R.045 PIM I 2015</subfield>
    </datafield>
    <datafield tag="100" ind1=" " ind2=" ">
      <subfield code="a">Riza Hammam</subfield>
    </datafield>
    <datafield tag="245" ind1=" " ind2=" ">
      <subfield code="a">Meningkatkan Transparansi Dan Akuntabilitas Penyelenggaraan Pemilu Dengan Memanfaatkan KTP-el Dan e-Voting Di Indonesia.</subfield>
    </datafield>
    <datafield tag="260" ind1=" " ind2=" ">
      <subfield code="a">Jakarta</subfield>
      <subfield code="b">LAN Jakarta</subfield>
      <subfield code="c">2015</subfield>
    </datafield>
    <datafield tag="300" ind1=" " ind2=" ">
      <subfield code="a">40 hlm.;lamp</subfield>
    </datafield>
    <datafield tag="500" ind1=" " ind2=" ">
      <subfield code="a">Laporan ini merupakan hasil Laboratorium Kepemimpinan Proyek Perubahan dalam memanfaatkan Teknologi Informasi dan Komunikasi (TIK) untuk penyelenggaraan Pemilu di Indonesia.  Reformasi tata kelola Pemilu (electoral governance reform) perlu dilakukan agar Pemilu di Indonesia menuju demokrasi yang lebih baik dapat dilaksanakan secara transparan dan akuntabel.  Hal ini dapat dimulai dari desa melalui Pilkades menuju Pilkada dan Pemilu Nasional.</subfield>
    </datafield>
    <datafield tag="650" ind1=" " ind2=" ">
      <subfield code="a">Pemilu</subfield>
    </datafield>
  </record>
</collection>
